| 000 | 00410 a2200109 4500 | ||
|---|---|---|---|
| 001 | ART_2898 | ||
| 005 | 20260410161711.0 | ||
| 008 | 260409a | ||
| 245 | 1 | 0 | _aOrigen y evolución de la pequeña propiedad campesina en La Pampa seca argentina. (El caso de la Provincia de la Pampa) |
| 100 | 1 | _aGaignard, Romain | |
| 773 | 0 |
_tDesarrollo económico _g- Vol. 6, Nº 21 (abr./jun. 1966) _wREV1174 |
|
| 999 |
_c16045 _d16045 |
||